| 000 | 00804cam a22002532 4500 | ||
|---|---|---|---|
| 001 | 0000004788 | ||
| 005 | 20151217155210.0 | ||
| 008 | 070529s xx 000 0 eng d | ||
| 020 |
_a069716022X : _cKES 700 |
||
| 040 |
_aKABU _cKABU |
||
| 050 | 0 |
_aQP34.5 _b.G86 2000 |
|
| 100 | 1 |
_aGunstream, Stanley E. _@0000155596 |
|
| 245 | 1 | 0 | _aAnatomy and physiology with integrated study guide. |
| 250 | _a2nd ed. | ||
| 260 |
_aBoston : _bMcGraw-Hill, _c2000. |
||
| 300 |
_aixv, 530 p. + _e2 CD-ROM. |
||
| 650 | 0 |
_aHuman physiology. _@0000155597 |
|
| 650 | 0 |
_aHuman anatomy. _@0000155598 |
|
| 852 | 1 | _9p | |
| 852 | 1 | _9p | |
| 908 | _a070529 | ||
| 950 | _@1 | ||
| 999 |
_c11940 _d11940 |
||